Famous People with Word Surnames - Statistics

General Stats
  • This quiz has been taken 32 times
  • The average score is 19 of 30
Answer Stats
Person Description Name Part Word Definition % Correct
Bolt
97%
King Jr.
97%
civil rights activist Martin Luther A male monarch of a major territorial unit
97%
Jamaican sprinter Usain A lightning stroke
97%
Black
84%
Controversial politician Donald A card of a suit any of whose cards will win over a card that is not of this suit
84%
Stone
84%
Trump
84%
Actress in “La La Land“ Emma A concretion of earthy or mineral matter
81%
Actor that said ‘chicken jockey’ Jack Of the very darkest color owing to the absence of or complete absorption of light
81%
Ocean
81%
Carpenter
71%
Golfer with a word forename, too Tiger An area of land, smaller than a forest, that is covered with growing trees
71%
Woods
71%
Booth
68%
President assassinator John Wilkes A small enclosure that isolates its occupant especially from patrons or customers
68%
Bacon
65%
Six degrees actor Kevin A side of a pig cured and smoked
61%
This musician is “thinkin’ bout you” Frank A very large expanse of sea
58%
Famous singer Alicia A usually metal instrument that is used to open a lock or to start or access a mechanism
55%
Keys
55%
Pop artist Sabrina A person who makes and repairs wooden objects and structures
52%
Swift
48%
Extremely popular pop-star Taylor Moving or capable of moving with great speed
48%
Rose
42%
Smith
35%
Baseball player that gambled Pete A prickly bush or shrub that typically bears red, pink, yellow, or white fragrant flowers
32%
Actor/rapper Will A worker in metals
32%
Actor/comedian Chris A large mass of stone forming a cliff, promontory, or peak
23%
Rock
23%
No matching quizzes found
Score Distribution
Percent of People with Each Score
Percentile by Number Answered
Your Score History
You have not taken this quiz